000 00569nam a22001817a 4500
005 20251108170110.0
008 250721s1990 xx 000 0 ara d
082 1 4 _a956.08/نعي
100 1 _aالنعيمي، أحمد نوري
245 1 0 _aالحياة السياسية في الدولة العثمانية /
264 1 _aبغداد :
_bدار الحرية،
_c1990.
300 _a107ص
650 1 7 _aالتاريخ الإسلامي
650 1 7 _aالعصر العثماني
650 1 7 _aالبلدان العربية
942 _2ddc
_cBK
999 _c39706
_d39706